Statistics for Which of these is a country

Click here to take the quiz!

General Stats

  • This quiz has been taken 37 times
  • The average score is 15 of 15

Answer Stats

QuestionAnswer% Correct
Which of these is a countryAustralia
100%
Which of these is a countryBarbados
100%
Which of these is a countryBolivia
100%
Which of these is a countryJordan
100%
Which of these is a countrymalaysia
100%
Which of these is a countrySouth sudan
100%
Which of these is a countrySpain
100%
Which of these is a countrySri lanka
100%
Which of these is a countryTonga
100%
Which of these is a countryecuador
97%
Which of these is a countryTogo
97%
Which of these is a countryTurkey
97%
Which of these is a countryUganda
97%
Which of these is a countryCape verde
94%
Which of these is a countryCentral african republic
91%

Score Distribution

Percentile by Number Answered

Percent of People with Each Score

Your Score History

You have not taken this quiz